000
00305nam a2200133 a 4500
001
5686
003
CDMR
005
20130116135312.0
008
130130s ||||||||||||||||||||||||||||d
040
_a
CDMR
_b
cat
_c
CPC GIRONA
245
3
_a
La diversitat cultural a l'Àmbit Laboral
260
_b
UGT
942
_c
MON
999
_c
5686
_d
5686